Footprints of foreign explorers on the Silk Road = (Record no. 27964)
[ view plain ]
| 000 -LEADER | |
|---|---|
| fixed length control field | 01661cam a22004095i 4500 |
| 001 - CONTROL NUMBER | |
| control field | 15826735 |
| 003 - CONTROL NUMBER IDENTIFIER | |
| control field | EG-ScBUE |
| 005 - DATE AND TIME OF LATEST TRANSACTION | |
| control field | 20200127112810.0 |
| 008 - FIXED-LENGTH DATA ELEMENTS--GENERAL INFORMATION | |
| fixed length control field | 090721s2007 cc abcff 000 0 eng d |
| 020 ## - INTERNATIONAL STANDARD BOOK NUMBER | |
| International Standard Book Number | 7508507061 |
| 020 ## - INTERNATIONAL STANDARD BOOK NUMBER | |
| International Standard Book Number | 9787508507064 |
| 035 ## - SYSTEM CONTROL NUMBER | |
| System control number | (OCoLC)ocm77083025 |
| 040 ## - CATALOGING SOURCE | |
| Original cataloging agency | JPG |
| Language of cataloging | eng |
| Description conventions | rda |
| Transcribing agency | JPG |
| Modifying agency | JPG |
| -- | DLC |
| -- | EG-ScBUE |
| 041 1# - LANGUAGE CODE | |
| Language code of text/sound track or separate title | eng |
| Language code of original and/or intermediate translations of text | chi |
| 043 ## - GEOGRAPHIC AREA CODE | |
| Geographic area code | a-cc--- |
| 082 04 - DEWEY DECIMAL CLASSIFICATION NUMBER | |
| Classification number | 915.8 |
| Item number | FOO |
| Edition number | 22 |
| 130 0# - MAIN ENTRY--UNIFORM TITLE | |
| Uniform title | Si chou zhi lu shang wai guo tan xian jia de zu ji. |
| Language of a work | English |
| 245 00 - TITLE STATEMENT | |
| Title | Footprints of foreign explorers on the Silk Road = |
| Remainder of title | 丝绸之路上外国探险家的足迹 / |
| Statement of responsibility, etc | compiled by the Information Office of Xinjiang Uygur Autonomous Region of China ; [editor in chief Wu Dunfu ; English by Tsui Yenhu]. |
| 246 31 - VARYING FORM OF TITLE | |
| Title proper/short title | 丝绸之路上外国探险家的足迹 |
| 250 ## - EDITION STATEMENT | |
| Edition statement | Second edition. |
| 264 #1 - PUBLICATION, DISTRIBUTION, ETC. (IMPRINT) | |
| Place of publication, distribution, etc | Beijing : |
| Name of publisher, distributor, etc | China Intercontinental Press, |
| Date of publication, distribution, etc | 2007. |
| 300 ## - PHYSICAL DESCRIPTION | |
| Extent | 177 pages, [1] folded leaf of plates : |
| Other physical details | illustrations (some color), color maps, portraits ; |
| Dimensions | 30 cm |
| 336 ## - CONTENT TYPE | |
| Content type term | text |
| Content type code | txt |
| Source | rdacontent |
| 337 ## - MEDIA TYPE | |
| Media type term | unmediated |
| Media type code | n |
| Source | rdamedia |
| 338 ## - CARRIER TYPE | |
| Carrier type term | volume |
| Carrier type code | nc |
| Source | rdacarrier |
| 500 ## - GENERAL NOTE | |
| General note | First edition 2005. |
| 546 ## - LANGUAGE NOTE | |
| Language note | Text in English; translated from Chinese. |
| 650 #7 - SUBJECT ADDED ENTRY--TOPICAL TERM | |
| Topical term or geographic name as entry element | Art, Chinese |
| Geographic subdivision | China, Northwest. |
| Source of heading or term | BUEsh |
| 651 #7 - SUBJECT ADDED ENTRY--GEOGRAPHIC NAME | |
| Geographic name | Silk Road |
| General subdivision | Antiquities. |
| Source of heading or term | BUEsh |
| 651 #7 - SUBJECT ADDED ENTRY--GEOGRAPHIC NAME | |
| Geographic name | Silk Road |
| General subdivision | Description and travel. |
| Source of heading or term | BUEsh |
| 653 ## - INDEX TERM--UNCONTROLLED | |
| Resource For college | Humanities: Chinese |
| Arrived date list | January2020 |
| 700 1# - ADDED ENTRY--PERSONAL NAME | |
| Personal name | Wu, Dunfu, |
| Relator term | editor. |
| 700 1# - ADDED ENTRY--PERSONAL NAME | |
| Personal name | Tsui, Yenhu, |
| Relator term | translator. |
| 710 2# - ADDED ENTRY--CORPORATE NAME | |
| Corporate name or jurisdiction name as entry element | the Information Office of Xinjiang Uygur Autonomous Region of China, |
| Relator term | compiler. |
| 942 ## - ADDED ENTRY ELEMENTS (KOHA) | |
| Source of classification or shelving scheme | Dewey Decimal Classification |
| Koha item type | Book - Borrowing |
| Withdrawn status | Lost status | Source of classification or shelving scheme | Damaged status | Not for loan | Collection code | Home library | Current library | Shelving location | Date acquired | Source of acquisition | Total Checkouts | Full call number | Barcode | Date last seen | Price effective from | Koha item type |
|---|---|---|---|---|---|---|---|---|---|---|---|---|---|---|---|---|
| Dewey Decimal Classification | Donation-Gift | Central Library | Central Library | Ground Floor | 27/01/2020 | Donation | 915.8 FOO | 000048533 | 15/07/2025 | 27/01/2020 | NB - Book (Non borrowing) | |||||
| Dewey Decimal Classification | Donation-Gift | Central Library | Central Library | Ground Floor | 27/01/2020 | Donation | 915.8 FOO | 000048534 | 15/07/2025 | 27/01/2020 | Book - Borrowing |